书目信息 |
| 题名: |
中药废弃物的资源化利用
|
|
| 作者: | 段金廒 主编 | |
| 分册: | ||
| 出版信息: | 北京 化学工业出版社 2013 |
|
| 页数: | 523页 | |
| 开本: | 27cm | |
| 丛书名: | ||
| 单 册: | ||
| 中图分类: | X787 | |
| 科图分类: | ||
| 主题词: | 中成药--制药工业--废物综合利用 | |
| 电子资源: | ||
| ISBN: | 978-7-122-19212-7 | |
| 000 | 00990nam0 2200241 450 | |
| 001 | 012015000785 | |
| 005 | 20150911082334.96 | |
| 010 | @a978-7-122-19212-7@b精装@dCNY159.00 | |
| 100 | @a20140727d2013 em y0chiy50 ea | |
| 101 | 0 | @achi |
| 102 | @aCN@b110000 | |
| 105 | @ay z 001yy | |
| 106 | @ar | |
| 200 | 1 | @a中药废弃物的资源化利用@Azhong yao fei qi wu de zi yuan hua li yong@dResources utilization of Chinese herbal medicine wastes@f段金廒主编@zeng |
| 210 | @a北京@c化学工业出版社@d2013 | |
| 215 | @a523页@d27cm | |
| 330 | @a本书系统阐述了中药资源产业化过程中废弃物的产生与分类、概念与性质,利用策略与资源化模式,中药废弃物中可利用物质的性质、用途及产业化开发路径,并通过各类型代表性实例加以具体详尽的说明和示范。 | |
| 510 | 1 | @aResources utilization of Chinese herbal medicine wastes@zeng |
| 606 | 0 | @a中成药@x制药工业@x废物综合利用 |
| 690 | @aX787@v5 | |
| 701 | 0 | @a段金廒@Aduan jin ao@f(1956.10-)@4主编 |
| 801 | 0 | @aCN@b碧洲教育@c20150718 |
| 905 | @a10447@f3@dX787@e190 | |
| 中药废弃物的资源化利用=Resources utilization of Chinese herbal medicine wastes/段金廒主编.-北京:化学工业出版社,2013 |
| 523页;27cm |
| ISBN 978-7-122-19212-7(精装):CNY159.00 |
| 本书系统阐述了中药资源产业化过程中废弃物的产生与分类、概念与性质,利用策略与资源化模式,中药废弃物中可利用物质的性质、用途及产业化开发路径,并通过各类型代表性实例加以具体详尽的说明和示范。 |
| ● |
| 相关链接 |
|
|
|
|
正题名:中药废弃物的资源化利用
索取号:X787/190
 
预约/预借
| 序号 | 登录号 | 条形码 | 馆藏地/架位号 | 状态 | 备注 |
| 1 | 0848042 | 208480428 | 第二样本阅览室/ [索取号:X787/190] | 在馆 | |
| 2 | 0848043 | 208480437 | 第三借阅区/ [索取号:X787/190] | 在馆 | |
| 3 | 0848044 | 208480446 | 密集书库-生命科学系/ [索取号:X787/190] | 在馆 |